000
00204nam a2200097Ia 4500
008
240331s9999 xx 000 0 und d
082
_b
GOW
100
_a
Gowthaman,R
245
0
_a
Thalit panpadu
942
_c
L
999
_c
1422
_d
1422